000 01627pab a2200169 454500
008 180718b2018 xxu||||| |||| 00| 0 eng d
100 _aRitz, Adrian
245 _aMulticultural public administration: Effects of language diversity and dissimilarity on public employees' attachment to employment
260 _c2018
300 _ap.84-103.
520 _aA major part of research in public administration focuses on the impact of ethnic diversity on outcomes such as performance and turnover, and on the management of diversity with regard to different employee groups. Recent research, however, shows the relevance of relational demography in the context of employee inclusion in public organizations. So far, most studies have been based on ethnic differences in countries that can be described as mononational and monolinguistic. The current study advances this stream of research by investigating how diversity and dissimilarity measures affect public employees' attachment to employment in a multicultural public administration in Switzerland. Evidence from a hierarchical multilevel analysis revealed that language diversity and the support for diversity from supervisors affected individuals' attachment. However, our findings on individuals' language dissimilarity related to the inclusion of minorities did not support the assumed crowding-out effect between diversity and dissimilarity. Implications and avenues for future research are discussed. - Reproduced.
650 _aMulticulturalism
650 _aPublic administration
700 _aAlfes, Kerstin
773 _aPublic Administration
909 _a117042
999 _c117036
_d117036